App BibliotequesXBM : porta les biblioteques a la butxaca porta les biblioteques a la butxaca
Descripción Física:
1 punt de llibre : il·lustracions ; 21 x 6 cm
Materias:
Biblioteques públiques -- Barcelona (Catalunya : Província)
; Aplicacions mòbils
; Punts de llibre
Idioma:
Catalán
MARC
| LEADER | 00000nrm a22000007a 4500 | ||
|---|---|---|---|
| 001 | 25612 | ||
| 008 | 220523b spa||||| |||| 00| 0 cat d | ||
| 017 | |a DL B 14653-2017 | ||
| 080 | |a NBM-13-138 | ||
| 245 | |a App BibliotequesXBM : |b porta les biblioteques a la butxaca | ||
| 246 | |a Aplicació BibliotequesXBM | ||
| 260 | |a Barcelona : |b Xarxa de Biblioteques Municipals, |c 2017 | ||
| 300 | |a 1 punt de llibre : |b il·lustracions ; |c 21 x 6 cm | ||
| 650 | 0 | |a Biblioteques públiques |x Barcelona (Catalunya : Província) |9 49209 | |
| 650 | 0 | |9 51716 |a Aplicacions mòbils | |
| 655 | 0 | |a Punts de llibre |9 52700 | |
| 710 | 1 | |a Barcelona (Catalunya : Província). |b Xarxa de Biblioteques Municipals |9 52650 | |
| 942 | |2 udc |c ARXIU |n 1 | ||
| 952 | |0 0 |1 0 |4 0 |6 NBM13138 |7 1 |9 61996 |a Arxiu |b Arxiu |d 2022-05-23 |l 0 |o NBM-13-138 |p 25612 |r 2022-05-23 00:00:00 |w 2022-05-23 |y ARXIU | ||
| 999 | |c 81715 |d 81715 | ||